00566nam a2200193Ia 450000500170000000800410001702000140005804000190007204100120009108200130010310000180011624500800013425000110021426000480022530000180027350400500029165000210034185000100036220230805104939.0131103s9999 xx 000 0 und d a521529948 aLoreto College aEnglish a909bHUF aHuff, Toby E. 4aThe rise of early modern scienceb Islam, China and the West cToby E. Huff a2nd ed aCambridgebCambridge University Pressc2003 axx,425pb ill aIncludes bibliographical references and index aScience, History aLCLIB